PARALELNÝ ALGORITMUS DEKÓDOVANIA PRI FRAKTÁLOVEJ KOMPRESII OBRAZU

Bibliographic Details
Main Authors: Dedera, Ľubomír, 1967- (Author), Chmúrny, Ján, 1923-2009 (Author), Líška, Miroslav (Author)
Format: Article
Language:Slovak

MARC

LEADER 00000nab a2200000 a 4500
001 vtls011132193
003 SK-MaSNL
005 20260303151022.0
008 230222|1998 xo |||||||||||||||||slo|
015 |a SNBRB 
035 |a (uuid)c061b3d1-7948-4c12-9852-9d42048d4ad3 
035 |a (urnnbn)urn:nbn:sk:snk:ar-a09mcg 
035 |a urn:nbn:sk:snk-abaa0g 
040 |a SNKBUCL  |b slo  |c SNKBUCL  |e AACR2 
041 0 |a slo 
044 |a xo  |c SK 
100 1 |a Dedera, Ľubomír,  |d 1967-  |4 aut  |9 13778 
245 1 0 |a PARALELNÝ ALGORITMUS DEKÓDOVANIA PRI FRAKTÁLOVEJ KOMPRESII OBRAZU  |c Ľubomír Dedera, Ján Chmúrny, Miroslav Líška 
700 1 |a Chmúrny, Ján,  |d 1923-2009  |4 aut  |9 13779 
700 1 |a Líška, Miroslav  |4 aut 
773 0 |t Zborník Vojenskej akadémie Slovenského národného povstania  |g Roč. 5, č. 4 (1998), s. 47-57 
954 |a odborná, vedecká literatúra pôvodná (slovenská)  |2 lita 
958 |a OND 
958 |a EUIPO 
958 |a article13 
999 |c 2015247  |d 2017177